1978 1539 1522 1048 1748 1272 1030 1896 1350 1700 1220 1974 1345 1435 1584 1583 1588 1872 1734 1688 1718 1711 1639 1726 1195 1206 1128 1381 1456 1074 1282 1602 1780 1980 1394 1997 1627 1860 1314 1255 1010 1925 1642 1613 1122 1138 1345 1274 1213 1639 1921 1719 1342 1814 1162 1165 1532 1312 1396 1272 1612 1923 1150 1081 1450 1971 1355 1919 1267 1353 1803 1602 1609 1508 1839 1523 1189 1407 1642 1704 1208 1464 1363 1260 1115 1059 1132 1251 1576 1746 1539 1864 1715 1068 1759 1450 1447 1530 1296 BCNSPRNW ULIB Ver.6.0+V

เปลี่ยนเป็นภาษาไทย

Change to English
 แสดงรายละเอียดบรรณานุกรม
  กลับหน้าหลัก

Brief Record : Get Marc (ISO 2709) : E-mail record : QR code < ปิดหน้าต่าง
LEADER : 00000nam 2200000uu 4500
001    13399126097
003     ULIB
008    020711s2017 th a 000 0 eng d
020    ^a9781496362247
060    ^aQV4^bK18F
100    ^aAmy M. Karch.
245    ^aFocus on Nursing Pharmacology
250    ^a7th ed
260    ^aPhiladelphia :^bWolters Kluwer,^c2017
300    ^a1106 pages;^b30 cm
650    ^aPharmaceutical Preparations
650  0 ^aDrug Therapy
945    ^p2439^l0^i004121
999    ^aประนอม เกษจรัล
รายการนี้ยังไม่มีแท็ก
คุณยังไม่ได้ล็อกอิน คุณสามารถมีกิจกรรมร่วมกับเว็บไซต์ได้ แต่ต้องล็อกอินก่อน ::
  ล็อกอิน

รายการสื่อสารสนเทศ

ลำดับที่ ประเภท เลขเรียก/บาร์โค้ด สถานที่ สถานะ
1. วิทยาศาสตร์การแพทย์ และสุขภาพ
หนังสือสำรอง
สถานะ=หนังสือสำรอง
QV4 K18F ฉ.1 
  Barcode: 004121
ห้องสมุดวิทยาเขตสวรรค์ประชารักษ์
►หนังสือทั่วไป
บนชั้น

รายการใกล้เคียง
    ชื่อเรื่อง [Focus on Nursing Pharmacology]

    ผู้แต่ง [Amy M. Karch.]

    หัวเรื่อง [Pharmaceutical Preparations]
    หัวเรื่อง [Drug Therapy]

BibComment


ยังไม่เคยถูกคอมเมนท์

คอมเมนท์ทรัพยากรรายการนี้
  คอมเมนท์: Focus on Nursing..


 Copyright 2026. Bcnsprnw @Library